Chasing the sea : (Record no. 18541)

MARC details
000 -LEADER
fixed length control field 00795nam a2200277Ia 4500
001 - CONTROL NUMBER
control field AUWbook003205
003 - CONTROL NUMBER IDENTIFIER
control field BDCtgAUW
005 - DATE AND TIME OF LATEST TRANSACTION
control field 20260406161403.0
008 - FIXED-LENGTH DATA ELEMENTS--GENERAL INFORMATION
fixed length control field 220908s9999 xx 000 0 eng d
020 ## - INTERNATIONAL STANDARD BOOK NUMBER
International Standard Book Number 0375421300
040 ## - CATALOGING SOURCE
Original cataloging agency BDCtgAUW
Transcribing agency BDCtgAUW
050 ## - LIBRARY OF CONGRESS CALL NUMBER
Classification number DK944.B57
100 1# - MAIN ENTRY--PERSONAL NAME
Personal name Bissell, Tom.
245 #0 - TITLE STATEMENT
Title Chasing the sea :
Remainder of title lost among the ghosts of empire in central asia /
260 ## - PUBLICATION, DISTRIBUTION, ETC.
Place of publication, distribution, etc. New York :
Name of publisher, distributor, etc. Pantheon Books,
Date of publication, distribution, etc. 2003.
300 ## - PHYSICAL DESCRIPTION
Extent xxi, 388 pages.
650 #0 - SUBJECT ADDED ENTRY--TOPICAL TERM
Topical term or geographic name entry element Aral Sea (Uzbekistan and Kazakhstan).
650 #0 - SUBJECT ADDED ENTRY--TOPICAL TERM
Topical term or geographic name entry element Environmental degradation.
650 #0 - SUBJECT ADDED ENTRY--TOPICAL TERM
Topical term or geographic name entry element History of Russia.
650 #0 - SUBJECT ADDED ENTRY--TOPICAL TERM
Topical term or geographic name entry element Uzbekistan
General subdivision Description and Travel.
9 (RLIN) 80415
650 #0 - SUBJECT ADDED ENTRY--TOPICAL TERM
Topical term or geographic name entry element Uzbekistan
General subdivision Guidebook.
9 (RLIN) 80416
887 ## - NON-MARC INFORMATION FIELD
Content of non-MARC field BRAC
Source of data 2982
888 ## -
-- 2982
942 ## - ADDED ENTRY ELEMENTS (KOHA)
Koha item type Books
Koha issues (borrowed), all copies 0
Source of classification or shelving scheme Library of Congress Classification
945 ## - LOCAL PROCESSING INFORMATION (OCLC)
c BK

No items available.